| 000 | 00852nmm a2200265 a 4500 | ||
|---|---|---|---|
| 003 | AR-BaBNM | ||
| 005 | 20251128205037.0 | ||
| 008 | 066119s1992 ||||||||||||||000 | spa|| | ||
| 020 | _a987-99071-1-6 | ||
| 040 | _cAR-BaBNM | ||
| 100 | 1 | _aVillegas Grijalba, José Joaquín | |
| 245 | 1 | 0 |
_aAdministración de la educación _bdesafíos para un sistema tutorial a distancia |
| 250 | _a1ª ed. | ||
| 260 |
_aBuenos Aires _bFundación Universidad a Distancia Hernandarias _bDocencia _c1992 |
||
| 300 | 0 |
_a121 p. _btablas |
|
| 500 | 0 | _aUNED: UNIVERSIDAD ESTATAL A DISTANCIA DE COSTA RICA | |
| 504 | _aBibliografía: p. 115-121 | ||
| 650 | 4 | _aTUTORIA | |
| 650 | 4 | _aPROFESORES-TUTORES | |
| 650 | 4 | _aPLANIFICACION DEL CURRICULO | |
| 653 | 0 | _aEDUCACION A DISTANCIA | |
| 700 | 1 |
_aGómez de Mier, Eugenio _eprologuista |
|
| 942 | _cBK | ||
| 998 | _csilvi | ||
| 999 |
_c9760 _d9760 |
||